000 00566cam a2200205 4500500
005 20260329002504.0
041 _afre
042 _adc
100 1 0 _aPineau, Charlotte
_eauthor
245 0 0 _aL’art selon Lyotard
260 _c2012.
500 _a69
690 _aAdami
690 _aArakawa
690 _aBuren
690 _aLyotard
690 _aMonory
786 0 _nPhilosophie magazine | 62 | 9 | 2012-09-01 | p. 66-67 | 1951-1787
856 4 1 _uhttps://shs.cairn.info/magazine-philosophie-magazine-2012-9-page-66?lang=fr&redirect-ssocas=7080
999 _c1815496
_d1815496